| 000 | 00641nam a22001937a 4500 | ||
|---|---|---|---|
| 999 |
_c174306 _d174306 |
||
| 005 | 20200603131032.0 | ||
| 010 | _aUR-10776 | ||
| 020 |
_c300.00 _a- |
||
| 035 | _aU-9331 | ||
| 037 |
_bDBAD/PUB _a- |
||
| 082 | _a841 | ||
| 100 | _aشا يق علی خا ن ہند و | ||
| 245 |
_aکلا م ہند و _cشا يق علی خا ن ہند و |
||
| 246 |
_bKalam-e-Hindu (Urdu) _aby Shaiq Ali Khan Hindu |
||
| 260 |
_aDelhi _bEducational Publishing House _c2019 ء |
||
| 270 |
_a3191,Vakil Street,Kucha Pandit Lal Kuan, _bDelhi _e110006 _k23216162 _l- |
||
| 300 |
_a240 ص _c22 Cm(Hb) |
||
| 942 |
_2ddc _cUR _h841 _mہ ن د |
||